Serie A 24/25 Top Scorers - Statistics

General Stats
  • This quiz has been taken 62 times
  • The average score is 31 of 42
Answer Stats
age pos pts Answer % Correct
AC Milan Flag of the United States (26) RW 11 11 22 Christian Pulisic
96%
Inter Milan Flag of France (27) CF 14 7 21 Marcus Thuram
96%
Atalanta BC Flag of Italy (26) CF 25 8 33 Mateo Retegui
96%
AC Milan Flag of Portugal (25) LW 8 10 18 Rafael Leão
96%
SSC Napoli Flag of Scotland (28) CM 12 6 18 Scott McTominay
96%
Atalanta BC Flag of Nigeria (27) CF 15 5 20 Ademola Lookman
95%
Inter Milan Flag of Argentina (27) CF 12 5 17 Lautaro Martínez
95%
SSC Napoli Flag of Belgium (32) CF 14 10 24 Romelu Lukaku
95%
ACF Fiorentina Flag of Italy (25) CF 19 3 22 Moise Kean
91%
AS Roma Flag of Ukraine (27) CF 12 3 15 Artem Dovbyk
89%
Juventus FC Flag of Serbia (25) CF 10 4 14 Dušan Vlahović
89%
Inter Milan Flag of Italy (27) LB 4 9 13 Federico Dimarco
88%
Como 1907 Flag of Argentina (20) AM 6 9 15 Nico Paz
88%
Inter Milan Flag of Turkey (31) DM 5 6 11 Hakan Çalhanoğlu
84%
Juventus FC Flag of Turkey (20) LW 7 5 12 Kenan Yıldız
84%
Inter Milan Flag of the Netherlands (29) RB 7 3 10 Denzel Dumfries
82%
Juventus FC Flag of France (24) CM 4 6 10 Khéphren Thuram
82%
AC Milan Flag of the Netherlands (26) CM 10 5 15 Tijjani Reijnders
82%
Bologna FC 1909 Flag of Italy (28) RW 15 5 20 Riccardo Orsolini
80%
SSC Napoli Flag of Cameroon (29) CM 6 5 11 André-Frank Zambo Anguissa
77%
Atalanta BC Flag of Belgium (24) AM 7 8 15 Charles De Ketelaere
75%
SS Lazio Flag of Spain (37) RW 10 1 11 Pedro
73%
ACF Fiorentina Flag of Germany (30) LB 5 5 10 Robin Gosens
71%
SS Lazio Flag of Italy (29) LW 8 6 14 Mattia Zaccagni
70%
AS Roma Flag of Argentina (22) RW 5 5 10 Matías Soulé
68%
SS Lazio Flag of Argentina (26) CF 10 5 15 Taty Castellanos
68%
Udinese Calcio Flag of Italy (24) CF 12 2 14 Lorenzo Lucca
66%
US Lecce Flag of Montenegro (25) CF 11 5 16 Nikola Krstović
66%
Parma Calcio 1913 Flag of France (21) CF 6 4 10 Ange-Yoan Bonny
63%
SS Lazio Flag of Senegal (28) CF 9 3 12 Boulaye Dia
63%
Bologna FC 1909 Flag of Switzerland (Pantone) (24) RW 8 4 12 Dan Ndoye
63%
Bologna FC 1909 Flag of Argentina (20) CF 8 5 13 Santiago Castro
63%
Torino FC Flag of Scotland (28) CF 9 3 12 Ché Adams
61%
AS Roma Flag of Belgium (25) RW 7 5 12 Alexis Saelemaekers
59%
Udinese Calcio Flag of France (32) CF 8 3 11 Florian Thauvin
54%
Como 1907 Flag of Italy (27) CF 7 5 12 Patrick Cutrone
54%
Genoa CFC Flag of Italy (26) CF 10 1 11 Andrea Pinamonti
52%
Atalanta BC Flag of Italy (25) RM 0 11 11 Raoul Bellanova
52%
Como 1907 Flag of Brazil (28) RW 6 4 10 Gabriel Strefezza
46%
Cagliari Calcio Flag of Italy (24) CF 10 3 13 Roberto Piccoli
45%
ACF Fiorentina Flag of Argentina (24) AM 5 5 10 Lucas Beltrán
41%
ACF Fiorentina Flag of France (24) DM 4 6 10 Yacine Adli
39%
No matching quizzes found
Score Distribution
Percent of People with Each Score
Percentile by Number Answered
Your Score History
You have not taken this quiz